00579nam a2200181Ia 4500008004100000082002000041100002200061245003300083260003200116365000600148600002200154630003300176700002200209730003300231942000900264999001900273952010500292110201s9999 xx 000 0 und d bB7318aBAL 1966 aRobereston Method aDo you want to speak Spanish bEditorial ramon sopena S.a. b0 aRobereston Method aDo you want to speak Spanish aRobereston Method aDo you want to speak Spanish cBOOK c832851d832848 00104070aPMKVbPMKVd2011-02-01g0.00l0pPMKV-B7318r2011-02-01 00:00:00v0.00w2011-02-01yBOOK